LEADER 01975nam a2200361 u 4500 001 000000065683 003 CaOOAMICUS 005 20070226121507.0 008 011212s2001 gw abf u000 u fre u 020 $a3727813431 (Universitätsverlag) 020 $a3525530013 (Vandenhoeck & Ruprecht) 035 $a10913874 040 $aDAI$bita$dPUL 041 0 $afre$beng 100 1 $aBeyer, Dominique.$0(OLS)http://pul/name/44167 245 10$aEmar.$n4,$pLes sceaux :$bmission archéologique de Meskéné-Emar : recherches au pays d'A?tata /$cDominique Beyer. 246 30$aSceaux :$bmission archéologique de Meskéné-Emar : recherches au pays d'A?tata 260 $aFreiburg, Schweiz :$bUniversitätsverlag ;$aGöttingen :$bVandenhoeck & Ruprecht,$cc2001. 300 $axi, 491 S., 50 Taf. :$bIll., Kt., graph. Darst. ;$c32 cm 490 1 $aOrbis biblicus et orientalis.$aSeries archaeologica ;$v20 500 $aZusammenfassung in Engl. 504 $aLiteraturverzeichnis: S. [457]-471. 651 4$aSiria$xAntichità.$0(OLS)http://pul/subject/24100 830 0$aOrbis biblicus et orientalis.$pSeries archaeologica ;$v20.$0(OLS)http://pul/title/40482 850 $aPUL 852 $aPUL$W1$xSL Religione 3$y85$m220. 05 COLL 1.20$j85004$nBK-PRI$qDDC 21$B85004$CPULBib$Z2$F85004 $HPUL97901 $82 941 1 $a9 996 $6020$a3727813431 (Universitätsverlag)$9(OLS)http://pul/number/85173 996 $6020$a3525530013 (Vandenhoeck & Ruprecht)$9(OLS)http://pul/number/85174 996 $6245$aEmar.$n4,$pLes sceaux :$bmission archéologique de Meskéné-Emar : recherches au pays d'A?tata$9(OLS)http://pul/title/87321 996 $6246$aSceaux :$bmission archéologique de Meskéné-Emar : recherches au pays d'A?tata$9(OLS)http://pul/title/87322 996 $6260$aFreiburg, Schweiz :$bUniversitätsverlag$9(OLS)http://pul/publisher/48308 996 $6260$aGöttingen :$bVandenhoeck & Ruprecht$9(OLS)http://pul/publisher/47973 LEADER 01299nam a2200313 a 4500 001 000000154632 003 CaOOAMICUS 005 20161004154652.0 008 161004s1968 it a u000 u ita r 032 $aLibriCat 040 $aPUL$bita 041 1 $aita$heng 100 1 $aWilson, Charles.$0(OLS)http://pul/name/98451 240 14$aThe dutch republic and the civilisation of the seventeenth century. Italiano$lItaliano.$0(OLS)http://pul/title/194245 245 13$aLa Repubblica olandese /$cCharles Wilson ; traduzione di Ludovico Luppis. 260 $aMilano :$bIl Saggiatore,$c1968. 300 $a255 p. :$bill. ;$c19 cm. 490 1 $aL'universo del conoscere ;$v34 500 $aSul front.: 74 illustrazioni. 504 $aNote bibliografiche. 651 4$aOlanda$xStoria.$0(OLS)http://pul/subject/22698 700 1 $aLuppis, Ludovico.$0(OLS)http://pul/name/98452 830 2$aL'universo del conoscere ;$v34.$0(OLS)http://pul/title/14220 850 $aPUL 852 $aPUL$W1$xDP1 Fondo G. Barberini$y122$m9 A 9$j41538$qFondi$B180683$CPULBib$Z2$F180683 $HBar2114 $81 941 1 $a1 996 $6245$aLa Repubblica olandese$9(OLS)http://pul/title/194246 996 $6260$aMilano :$bIl Saggiatore$9(OLS)http://pul/publisher/49408